02525cam a22003138i 450000100090000000300090000900500170001800800410003502000430007604000350011908200170015410000340017124500440020526400650024926400100031430000470032433600260037133700280039733800270042550400510045250514670050365000200197065000310199065300220202165500240204394200120206799900170207995201150209618476733EG-ScBUE20250120091742.0150130t2015 flua f b 001 0 eng d a9781482206227 (hardcover : alk. paper) aOU/DLCbengerdacOUdEG-ScBUE04a530222bKEL1 aKelly, P. F.,d1961-eauthor.10aProperties of materials /cP. F. Kelly. 1aBoca Raton, FL :bCRC Press, Taylor & Francis Group,c[2015] 4cc2015 a(xvi, 411) pages :billustrations ;c24 cm 2rdacontentatextbtxt aunmediated2rdamediabn avolumebnc2rdacarrier aIncludes bibliographical references and index.0 a"Tidings" of rigidity's breakdown -- Elastic properties of solids -- Elastic solids in series and parallel -- Fluid statics -- Eureka! -- Fluid dynamics: flux -- Bernoulli's equation -- No confusion, it's just diffusion -- Baby, it's viscous outside -- Gas gas gas -- Through the earth and back -- Introduction to simple harmonic oscillation -- SHO time -- Springs in series and parallel -- SHO: kinematics, dynamics, and energetics -- Damped oscillation: qualitative -- Damped oscillation: explicitly -- Forced oscillations -- Impedance and power -- Resonance -- The first wave -- Wave dynamics and phenomenology -- Linear superposition of waves -- Linear superposition of rightmoving harmonic waves -- Standing waves -- Transverse waves: speed and energetics -- Speed of longitudinal waves -- Energy content of longitudinal waves -- Inhomogeous media -- Doppler shifts -- Huygens' principle, interference, and diffraction -- Say hello, wave goodbye -- Optics -- Mirror mirror -- Refraction -- Through a glass darkly -- Temperature and thermometry -- Heat -- Convective and conductive heat flow -- Radiative heat flow -- More radiation -- Laws of thermodynamics 0 and 1 -- The first law of thermodynamics -- First law encore -- Isotherms and adiabats -- Thermodynamic cycles and heat engines -- The second law of thermodynamics -- Entropy musings and the third law -- The canonical ensemble -- Maxwell-Boltzmann distribution derived, Dulong and Petit revisited. 7aPhysics.2BUEsh 7aMatterxProperties.2BUEsh bENGARCcMarch2015 vReading book934232 2ddccBB c19022d18994 00102ddc40708BaccahaMAINbMAINc1STd2015-03-14ePurchasel0o530 KELp000037566r2025-07-15 00:00:00yBB